LEADER 01895nam 2200553 a 450 001 9910461775103321 005 20200520144314.0 035 $a(CKB)2670000000181412 035 $a(EBL)3387432 035 $a(SSID)ssj0000652277 035 $a(PQKBManifestationID)12229431 035 $a(PQKBTitleCode)TC0000652277 035 $a(PQKBWorkID)10636734 035 $a(PQKB)10789417 035 $a(MiAaPQ)EBC3387432 035 $a(Au-PeEL)EBL3387432 035 $a(CaPaEBR)ebr10469417 035 $a(OCoLC)607750455 035 $a(EXLCZ)992670000000181412 100 $a20060104d2006 uy 0 101 0 $aeng 135 $aur|n|---||||| 181 $ctxt 182 $cc 183 $acr 200 10$aZaha Hadid$b[electronic resource] $eBMW Central Building /$fTodd Gannon, volume editor 210 $aNew York $cPrinceton Architectural Press$dc2006 215 $a1 online resource (160 p.) 225 1 $aSource books in architecture ;$vv. 7 300 $aDescription based upon print version of record. 311 $a1-56898-536-3 320 $aIncludes bibliographical references. 327 $aData and chronology -- Architect's statement --Conversations with Zaha Hadid -- Competition -- Competition panels -- Design development -- Final drawings -- Execution -- Completed construction -- Credits -- Biography. 410 0$aSource books in architecture ;$v7. 517 3 $aBMW Central Building 606 $aArchitecture, Industrial$zGermany$zLeipzig 607 $aLeipzig (Germany)$xBuildings, structures, etc 608 $aElectronic books. 615 0$aArchitecture, Industrial 676 $a725/.4 700 $aHadid$b Zaha$0314916 701 $aGannon$b Todd$0917149 801 0$bMiAaPQ 801 1$bMiAaPQ 801 2$bMiAaPQ 906 $aBOOK 912 $a9910461775103321 996 $aZaha Hadid$92063209 997 $aUNINA LEADER 01962nam 2200445Ia 450 001 996395391703316 005 20210104171445.0 035 $a(CKB)3810000000017611 035 $a(EEBO)2240924998 035 $a(OCoLC)ocn751969728e 035 $a(OCoLC)751969728 035 $a(EXLCZ)993810000000017611 100 $a20110912d1616 uy 0 101 0 $aeng 135 $aurbn||||a|bb| 200 10$aBy the King$b[electronic resource] $eA proclamation against steelets, pocket daggers, pocket dagges and pistols. The loue and care wee haue towards the preseruation of our subietts, and the keeping of our lande from being polluted with blood; doth make us striue with the euill humors and depraued customes of the times .. 210 $aImprinted at London $cby Robert Barker, Printer to the Kings most Excellent Maiestie.$danno Dom. 1616. 215 $a1 sheet ([1] p.) $ccoat of arms 300 $aTitle taken from caption and first lines of text. 300 $a"Giuen at our pallace of Westminster, the 26. day of March, in the fourteenth yeere of our reigne of Great Britaine, France and Ireland." 300 $aHeadpiece, royal coat of arms, initial. 300 $aReproduction of original in: Queen's College (University of Oxford). Library. 330 $aeebo-0119 606 $aWeapons$zEngland$vEarly works to 1800 606 $aArmor$zEngland$vEarly works to 1800 606 $aCrime prevention$zEngland$vEarly works to 1800 607 $aGreat Britain$xHistory$yJames I, 1603-1625$vSources$vEarly works to 1800 608 $aBroadsides$zEngland$y17th century.$2rbgenr 608 $aProclamations$zEngland$y17th century.$2rbgenr 615 0$aWeapons 615 0$aArmor 615 0$aCrime prevention 701 $aJames$cKing of England,$f1566-1625.$01001019 801 0$bUMI 801 1$bUMI 801 2$bUMI 906 $aBOOK 912 $a996395391703316 996 $aBy the King$92299281 997 $aUNISA LEADER 01441nas 2200433- 450 001 996320912003316 005 20210920213022.0 035 $a(OCoLC)966954514 035 $a(CKB)1000000000045989 035 $a(CONSER)--2016254058 035 $a(EXLCZ)991000000000045989 100 $a20161222a19999999 --- - 101 0 $achi 135 $aur||||||||||| 181 $ctxt$2rdacontent 182 $cc$2rdamedia 183 $acr$2rdacarrier 200 00$aBulletin of Educational Research/#/Bulletin of Educational Research [[jiao yu yan jiu ji kan]] 210 1$aTaibei Shi :$c[Guo li Taiwan shi fan da xue jiao yu xue xi] 215 $a1 online resource 300 $aRefereed/Peer-reviewed 300 $6880-04$a"Guo li Taiwan shi fan da xue jiao yu xue xi zhu bian." 311 $a1028-8708 517 1 $aBulletin of educational research 606 $aEducation$xResearch$vPeriodicals 606 $aEducation$zTaiwan$vPeriodicals 606 $aEducation$2fast$3(OCoLC)fst00902499 606 $aEducation$xResearch$2fast$3(OCoLC)fst00902743 607 $aTaiwan$2fast 608 $aPeriodicals.$2fast 615 0$aEducation$xResearch 615 0$aEducation 615 7$aEducation. 615 7$aEducation$xResearch. 712 02$aGuo li Taiwan shi fan da xue.$bJiao yu xue xi, 906 $aJOURNAL 912 $a996320912003316 996 $aBulletin of Educational Research$93084120 997 $aUNISA